Cancer del seno (Registro nro. 73449)

Detalles MARC
001 - NÚMERO DE CONTROL
campo de control 159598
005 - FECHA Y HORA DE LA ÚLTIMA TRANSACCIÓN
campo de control 20240201125801.0
008 - DATOS DE LONGITUD FIJA--INFORMACIÓN GENERAL
campo de control de longitud fija 971217m19231933 spa
035 ## - NÚMERO DE CONTROL DEL SISTEMA
Número de control de sistema 159598
035 ## - NÚMERO DE CONTROL DEL SISTEMA
Número de control de sistema (OCoLC)778015851
040 ## - FUENTE DE LA CATALOGACIÓN
Centro/agencia transcriptor comduadb
041 ## - CÓDIGO DE LENGUA
Código de lengua del texto/banda sonora o título independiente spa
080 ## - NÚMERO DE LA CLASIFICACIÓN DECIMAL UNIVERSAL
Número de la Clasificación Decimal Universal T
100 10 - ENTRADA PRINCIPAL--NOMBRE DE PERSONA
Nombre de persona Jaramillo A., Pedro
Código de función aut
Término indicativo de función/relación Autor/a
9 (RLIN) 488930
245 10 - MENCIÓN DE TÍTULO
Título Cancer del seno
650 ## - PUNTO DE ACCESO ADICIONAL DE MATERIA--TÉRMINO DE MATERIA
Término de materia o nombre geográfico como elemento de entrada Tórax
9 (RLIN) 21105
650 #7 - PUNTO DE ACCESO ADICIONAL DE MATERIA--TÉRMINO DE MATERIA
Término de materia o nombre geográfico como elemento de entrada Neoplasias
Fuente del encabezamiento o término dcs
9 (RLIN) 17204
650 ## - PUNTO DE ACCESO ADICIONAL DE MATERIA--TÉRMINO DE MATERIA
Término de materia o nombre geográfico como elemento de entrada Tumores
9 (RLIN) 15035
650 ## - PUNTO DE ACCESO ADICIONAL DE MATERIA--TÉRMINO DE MATERIA
Término de materia o nombre geográfico como elemento de entrada Diagnóstico diferencial
9 (RLIN) 48600
650 ## - PUNTO DE ACCESO ADICIONAL DE MATERIA--TÉRMINO DE MATERIA
Término de materia o nombre geográfico como elemento de entrada Diagnóstico precoz
9 (RLIN) 159156
650 ## - PUNTO DE ACCESO ADICIONAL DE MATERIA--TÉRMINO DE MATERIA
Término de materia o nombre geográfico como elemento de entrada Sarcoma
9 (RLIN) 16087
650 ## - PUNTO DE ACCESO ADICIONAL DE MATERIA--TÉRMINO DE MATERIA
Término de materia o nombre geográfico como elemento de entrada Casos, historias clinicas, estadisticas, etc
9 (RLIN) 25387
650 ## - PUNTO DE ACCESO ADICIONAL DE MATERIA--TÉRMINO DE MATERIA
Término de materia o nombre geográfico como elemento de entrada Historia de la medicina - Colombia - Siglo XX
9 (RLIN) 50729
773 0# - ENLACE AL DOCUMENTO FUENTE/ENTRADA DE REGISTRO ANFITRIÓN
Título Fundamentos de la profilaxis del cancer
Número de control del registro 159550
Número bibliográfico anfitrión 79674
942 ## - ELEMENTOS DE ENTRADA AGREGADA (KOHA)
Tipo de ítem Koha Libros
Suprimir en OPAC No

No hay ítems disponibles.